[Event "2023 Gufeld Cup"]
[Site "North Woodvale, Perth WA"]
[Date "2023.04.09"]
[Round "1"]
[White "Deng, Eric"]
[Black "Laubbacher, Jamie"]
[Result "0-1"]
[WhiteElo "1604"]
[BlackElo "1904"]

1.e4 c5 2.Nf3 Nc6 3.Nc3 e5 4.Bc4 Be7 5.d3 Nf6 6.O-O O-O 7.Be3 d6 8.Ne2 Bg4
9.Nd2 d5 10.Bb3 Qd7 11.f3 Be6 12.c3 Rfd8 13.c4 dxe4 14.Nxe4 Qxd3 15.Qxd3 
Rxd3 16.Bxc5 Nxe4 17.Bxe7 Nd2 18.Bc5 Nxf1 19.Kxf1 Na5 20.Bc2 Rd2 21.Bb4 
Rxc2 22.Bxa5 Bxc4 23.Re1 Rxb2 24.Bc3 Rxe2 25.Rxe2 Rc8 26.Be1 Bxe2+ 27.Kxe2
Rc2+ 28.Ke3 Rxg2 29.Bg3 f6 30.Ke4 Rxa2 0-1

[Event "2023 Gufeld Cup"]
[Site "North Woodvale, Perth WA"]
[Date "2023.04.09"]
[Round "1"]
[White "Barry, David"]
[Black "Moseley, Paul"]
[Result "1-0"]
[WhiteElo "1897"]
[BlackElo "1543"]

1.e4 c5 2.Nf3 d6 3.d4 cxd4 4.Nxd4 Nf6 5.Nc3 a6 6.Be3 g6 7.f3 Bg7 8.Qd2 Nc6
9.O-O-O Bd7 10.Kb1 Rc8 11.Be2 O-O 12.g4 b5 13.h4 Nxd4 14.Bxd4 e5 15.Be3 b4
16.Nd5 Nxd5 17.Qxd5 Rc6 18.g5 Qc7 19.Qd2 Rb8 20.h5 Be6 21.Bd3 a5 22.hxg6 
fxg6 23.Rh2 a4 24.Rdh1 Bh8 25.Rxh7 Qxh7 26.Rxh7 Kxh7 27.Qh2+ Kg8 28.f4 Bc4
29.f5 gxf5 30.g6 Rb7 31.Bxc4+ Rxc4 32.exf5 Bf6 33.Qg2 e4 34.b3 axb3 35.
cxb3 Rc8 36.Qxe4 Re7 37.Qd5+ Kg7 38.Qxd6 Rce8 39.Bh6+ Kxh6 40.Qxf6 Re1+ 
41.Kc2 R8e2+ 42.Kd3 Re3+ 43.Kd4 Re4+ 44.Kd5 Re8 45.Qh4+ Kg7 46.Qh7+ Kf6 
47.Qf7+ Kg5 48.g7 R8e5+ 49.Kd6 Kf4 50.g8=Q Rd1+ 51.Qd5 Rdxd5+ 52.Qxd5 1-0

[Event "2023 Gufeld Cup"]
[Site "North Woodvale, Perth WA"]
[Date "2023.04.09"]
[Round "1"]
[White "Wolstencroft, Alan"]
[Black "Cavosie-Pletsch, Yasmina"]
[Result "0-1"]
[WhiteElo "1849"]
[BlackElo "1330"]

1.e4 e6 2.d4 d5 3.Nc3 Nf6 4.e5 Nfd7 5.f4 c5 6.Nf3 Nc6 7.Ne2 a6 8.c3 c4 9.
Ng3 g6 10.Be2 Bg7 11.h4 b5 12.Bd2 a5 13.h5 Bh6 14.hxg6 hxg6 15.Kf2 Qb6 16.
Be3 b4 17.Rxh6 Rxh6 18.f5 Rh8 19.fxg6 fxg6 20.Qc2 Ne7 21.Ng5 Nf5 22.Nxf5 
gxf5 23.Qd1 Rf8 24.Bh5+ Kd8 25.Nf7+ Kc7 26.Bh6 Rxf7 27.Bxf7 Nxe5 28.Bf4 
Kd7 29.Bxe5 Ba6 30.Qd2 Rf8 31.Bh5 f4 32.Rh1 Rf5 33.Qe2 a4 34.Bg4 Rf7 35.
Rh6 Re7 36.Bxf4 a3 37.bxa3 b3 38.Bc1 bxa2 39.Qxa2 Bc8 40.Bf4 Kc6 41.Bf3 
Qd8 42.Rh1 Ba6 43.Rb1 Qf8 44.Be5 Qh6 45.a4 Qh4+ 46.Ke2 Qh7 47.Ra1 Rb7 {
White lost on time} 0-1

[Event "2023 Gufeld Cup"]
[Site "North Woodvale, Perth WA"]
[Date "2023.04.09"]
[Round "1"]
[White "Kerr, Carter"]
[Black "Andador, Dominador"]
[Result "1-0"]
[WhiteElo "1257"]
[BlackElo "1842"]

1.e4 d6 2.d4 Nf6 3.Nc3 g6 4.Nf3 Bg4 5.Bc4 Bg7 6.e5 dxe5 7.Bxf7+ Kf8 8.Bb3 
e4 9.Ng5 Nc6 10.Qxg4 Nxg4 11.Ne6+ Ke8 12.Nxg7+ Kd7 13.Be6+ 1-0

[Event "2023 Gufeld Cup"]
[Site "North Woodvale, Perth WA"]
[Date "2023.04.09"]
[Round "1"]
[White "Roebuck, Derek"]
[Black "Wu, Kobe"]
[Result "1/2-1/2"]
[WhiteElo "1804"]
[BlackElo "1206"]

1.e4 e5 2.Nf3 Nc6 3.Bc4 Nf6 4.d4 exd4 5.O-O Bc5 6.e5 d5 7.exf6 dxc4 8.Re1+
Be6 9.fxg7 Rg8 10.Bg5 Qd7 11.Nbd2 Be7 12.Bxe7 Nxe7 13.Ne4 Nd5 14.Nc5 Qd6 
15.Nxe6 fxe6 16.Ne5 O-O-O 17.Nf7 Qb6 18.Nxd8 Kxd8 19.Qg4 Kd7 20.Re4 c5 21.
Rae1 Nc7 22.Rf4 Qb4 23.Rf7+ Kc6 24.Qe4+ Kb6 25.Qe5 Ne8 26.Qxe6+ Ka5 27.a3 
Qd2 28.Qe2 Qxe2 29.Rxe2 Nxg7 30.Rxb7 Ka6 31.Ree7 d3 32.Rxa7+ Kb6 33.cxd3 
cxd3 34.Red7 Re8 35.Rab7+ Kc6 36.Kf1 Nf5 37.Rbc7+ Kb6 1/2-1/2

[Event "2023 Gufeld Cup"]
[Site "North Woodvale, Perth WA"]
[Date "2023.04.09"]
[Round "1"]
[White "Gruber, Paula"]
[Black "Umasankar, Naveen Ramnat"]
[Result "0-1"]
[WhiteElo "1076"]
[BlackElo "1788"]

1.e4 e6 2.d4 d5 3.exd5 exd5 4.Nc3 c6 5.Nf3 Bd6 6.Bd3 Ne7 7.O-O O-O 8.h3 
Nd7 9.Ne2 Nf6 10.Ng3 Qc7 11.Ne2 Ng6 12.Bg5 Ne4 13.Bxe4 dxe4 14.Nh4 Nxh4 
15.Bxh4 Be6 16.Ng3 f5 17.Qh5 Qf7 18.Qxf7+ Rxf7 19.a3 h6 20.Ne2 f4 21.f3 e3
22.Rad1 Bc4 23.Rfe1 g5 24.Bxg5 hxg5 25.Nc3 Re8 26.d5 cxd5 27.Nxd5 e2 28.
Rd2 Bc5+ 29.Kh2 Bf2 0-1

[Event "2023 Gufeld Cup"]
[Site "North Woodvale, Perth WA"]
[Date "2023.04.09"]
[Round "1"]
[White "McAteer, Ian"]
[Black "Kerr, Lennon"]
[Result "1-0"]
[WhiteElo "1774"]
[BlackElo "860"]

1.d4 d5 2.Nc3 Nf6 3.Bf4 e6 4.e3 Bd6 5.Bd3 Bxf4 6.exf4 Nc6 7.Nge2 O-O 8.Qd2
a6 9.f3 b5 10.g4 b4 11.Nd1 Nd7 12.h4 f5 13.Nf2 a5 14.O-O-O a4 15.Rdg1 b3 
16.a3 Rb8 17.c3 Nb6 18.gxf5 exf5 19.Rg5 Rf7 20.Rhg1 Na5 21.Ng3 Qe7 22.Re1 
Qf8 23.Nd1 Nac4 24.Qg2 Bd7 25.Rg1 Nd6 26.Ne3 Ne4 27.fxe4 fxe4 28.Be2 c6 
29.f5 h6 30.Rg6 Be8 31.Nh5 Rbb7 32.f6 1-0

[Event "2023 Gufeld Cup"]
[Site "North Woodvale, Perth WA"]
[Date "2023.04.09"]
[Round "1"]
[White "Sethuraman, Jaswanth Ram"]
[Black "Simonds, Marcus"]
[Result "0-1"]
[WhiteElo "783"]
[BlackElo "1771"]

1.e4 e6 2.Nc3 d5 3.exd5 exd5 4.d4 Bf5 5.Nf3 c6 6.Be2 Bd6 7.O-O Ne7 8.Bg5 
f6 9.Bh4 Qc7 10.Bg3 Nd7 11.Qd2 O-O-O 12.a4 g5 13.Bxd6 Qxd6 14.a5 h5 15.h3 
Ng6 16.Na4 g4 17.a6 b6 18.Nxb6+ Nxb6 19.Nh2 gxh3 20.Qa5 hxg2 21.Rfc1 Nf4 
22.Qd2 Nh3+ 23.Kxg2 Rdg8+ 24.Kh1 Nxf2# 0-1

[Event "2023 Gufeld Cup"]
[Site "North Woodvale, Perth WA"]
[Date "2023.04.09"]
[Round "1"]
[White "Taylor, Noah"]
[Black "Wang, Lucas"]
[Result "1-0"]
[WhiteElo "1771"]
[BlackElo "671"]

1.e4 c5 2.Nf3 d6 3.d4 cxd4 4.Nxd4 Nf6 5.Nc3 a6 6.Bg5 e5 7.Nf3 Be7 8.Qd2 
O-O 9.O-O-O b5 10.Bxf6 Bxf6 11.Qxd6 Qxd6 12.Rxd6 Be6 13.Be2 b4 14.Nd5 Bxd5
15.Rxd5 Nc6 16.Rhd1 a5 17.Bb5 Ne7 18.Rc5 Ng6 19.g3 h6 20.Ba4 Rfc8 21.Rdd5 
Ne7 22.Rxc8+ Nxc8 23.Bc6 Ra6 24.Bb7 Rd6 25.Bxc8 Rxd5 26.exd5 e4 27.Nd2 Bg5
28.d6 Kf8 29.h4 Bf6 30.Nxe4 Bd8 31.Nc5 Ke8 32.c3 h5 33.cxb4 axb4 34.Kc2 f6
35.Kb3 g5 36.Kxb4 1-0

[Event "2023 Gufeld Cup"]
[Site "North Woodvale, Perth WA"]
[Date "2023.04.09"]
[Round "1"]
[White "Ashok, Anish"]
[Black "Gough, Dylan"]
[Result "0-1"]
[WhiteElo "458"]
[BlackElo "1745"]

1.d4 Nf6 2.Nf3 e6 3.Bf4 d5 4.e3 a6 5.c3 Bd6 6.Bg3 Bxg3 7.hxg3 Nbd7 8.Nbd2 
Qe7 9.Qa4 b5 10.Qa5 c5 11.Bxb5 O-O 12.O-O-O Bb7 13.Bxd7 Nxd7 14.Qa4 Rfc8 
15.Qc2 f5 16.Rh3 Nf6 17.Rdh1 h6 18.Ne5 cxd4 19.exd4 Ne4 20.Ndf3 Ng5 21.Ng6
Qf6 22.Nxg5 Qxg5+ 23.Qd2 Qxg6 24.Kb1 Qg5 25.Qxg5 hxg5 26.f4 g4 27.Rh8+ Kf7
28.Rxc8 Rxc8 29.Kc2 a5 30.Kb3 Bc6 31.Rc1 Bb5 32.a4 Bc4+ 33.Ka3 Rb8 34.b4 
Ke7 35.b5 Rh8 36.b6 Kd7 37.Rb1 Kc8 38.b7+ Kb8 39.Rb6 Rh2 40.Rxe6 Rxg2 41.
Re8+ Kxb7 42.Re7+ Kc6 43.Rxg7 Ra2# 0-1

[Event "2023 Gufeld Cup"]
[Site "North Woodvale, Perth WA"]
[Date "2023.04.09"]
[Round "2"]
[White "Laubbacher, Jamie"]
[Black "Huang, Hui"]
[Result "1/2-1/2"]
[WhiteElo "1904"]
[BlackElo "1707"]

1.d4 Nf6 2.Nf3 d5 3.c4 e6 4.g3 dxc4 5.Bg2 c5 6.Qa4+ Bd7 7.Qxc4 Nc6 8.O-O 
Be7 9.dxc5 Qa5 10.Bd2 Qxc5 11.Qxc5 Bxc5 12.Nc3 a6 13.Rac1 Rc8 14.Bf4 O-O 
15.Ne5 Ba7 16.Nxd7 Nxd7 17.Ne4 e5 18.Be3 Nd4 19.Bxd4 Bxd4 20.Rxc8 Rxc8 21.
Bh3 Rc7 22.e3 Bxb2 23.Rd1 Nf8 24.Rd8 Ba3 25.Re8 Be7 26.Nc3 Rxc3 27.Rxe7 b5
28.Ra7 Ra3 1/2-1/2

[Event "2023 Gufeld Cup"]
[Site "North Woodvale, Perth WA"]
[Date "2023.04.09"]
[Round "2"]
[White "Gough, Dylan"]
[Black "Barry, David"]
[Result "1/2-1/2"]
[WhiteElo "1745"]
[BlackElo "1897"]

1.d4 Nf6 2.c4 e6 3.Nc3 Bb4 4.Bd2 c5 5.e3 O-O 6.Nf3 b6 7.Qc2 Ba6 8.a3 Bxc3 
9.Bxc3 d5 10.dxc5 bxc5 11.Rd1 Ne4 12.Be2 Nxc3 13.Qxc3 Nd7 14.cxd5 Bxe2 15.
Kxe2 Qb6 16.dxe6 Qxe6 17.Rd2 Nf6 18.Rc2 Rfd8 19.Qc4 Qd7 20.Rd2 Qb7 21.Rhd1
Rxd2+ 22.Rxd2 Rb8 23.Ne5 Ne4 24.Rc2 Rd8 25.f3 Qd5 26.Qxd5 Rxd5 27.Nxf7 Nf6
28.Nd6 Rxd6 29.Rxc5 Rb6 1/2-1/2

[Event "2023 Gufeld Cup"]
[Site "North Woodvale, Perth WA"]
[Date "2023.04.09"]
[Round "2"]
[White "Umasankar, Naveen Ramnat"]
[Black "Harris, Eamon"]
[Result "1/2-1/2"]
[WhiteElo "1788"]
[BlackElo "1617"]

1.e4 c6 2.d4 d5 3.exd5 cxd5 4.Bd3 Nc6 5.c3 Nf6 6.Bf4 Bg4 7.Qb3 Qd7 8.Nd2 
e6 9.Ngf3 Be7 10.Ne5 Qc8 11.Nxg4 Nxg4 12.O-O O-O 13.Nf3 f5 14.h3 Nf6 15.
Rfe1 Ne4 16.Ne5 g5 17.Nxc6 bxc6 18.Be5 Bf6 19.Bxf6 Rxf6 20.f3 Nd6 21.Qc2 
c5 22.Qf2 c4 23.Bc2 Rb8 24.Rab1 Rb6 25.Qg3 h6 26.Qe5 Kf7 27.Re2 f4 28.h4 
Nf5 29.hxg5 hxg5 30.g4 fxg3 31.Bxf5 Rxf5 32.Qxg3 Kg6 33.Rh2 Qf8 34.Qh3 Rb7
35.Re1 Re7 36.Rxe6+ Rxe6 37.Qh7+ Kf6 38.Rh6+ 1/2-1/2

[Event "2023 Gufeld Cup"]
[Site "North Woodvale, Perth WA"]
[Date "2023.04.09"]
[Round "2"]
[White "Cavosie-Pletsch, Yasmina"]
[Black "McAteer, Ian"]
[Result "0-1"]
[WhiteElo "1330"]
[BlackElo "1774"]

1.e4 c6 2.Bc4 d5 3.Bb3 dxe4 4.Qh5 e6 5.Nc3 Nf6 6.Qh4 e3 7.fxe3 Be7 8.Nf3 
Nd5 9.Qf2 Nxc3 10.bxc3 Nd7 11.d4 Nf6 12.Ne5 O-O 13.Qf3 Bd6 14.Nd3 Qc7 15.
e4 e5 16.O-O Be6 17.Bg5 Ne8 18.dxe5 Be7 19.Be3 c5 20.Bd5 c4 21.Nf2 Bxd5 
22.exd5 Qxe5 23.Bd4 Qg5 24.Nh3 Qg6 25.Rae1 Bf6 26.Re4 Bxd4+ 27.Rxd4 Nd6 
28.Rg4 Qxc2 29.Rxg7+ Kxg7 30.Qf6+ Kg8 31.Rf3 Ne4 32.Qh6 Qd1+ 33.Rf1 Qd2 
34.Qh4 Qe3+ 35.Kh1 f5 36.Rf3 Qc1+ 37.Ng1 Rf7 38.g4 Rg7 39.h3 Rf8 40.d6 
Nxd6 41.a4 Ne4 42.a5 f4 43.a6 bxa6 44.Kg2 Qd2+ 0-1

[Event "2023 Gufeld Cup"]
[Site "North Woodvale, Perth WA"]
[Date "2023.04.09"]
[Round "2"]
[White "Simonds, Marcus"]
[Black "Kerr, Carter"]
[Result "0-1"]
[WhiteElo "1771"]
[BlackElo "1257"]

1.d4 Nf6 2.Bf4 e6 3.e3 Nd5 4.Bg3 c5 5.c4 Qa5+ 6.Nd2 Nf6 7.Bd3 Nc6 8.Nf3 
Be7 9.O-O Qb6 10.Nb3 d6 11.Qd2 Nh5 12.Rfe1 Nxg3 13.hxg3 h5 14.Bf1 g5 15.d5
g4 16.dxc6 gxf3 17.gxf3 bxc6 18.e4 h4 19.g4 Qd8 20.Bh3 Ba6 21.Rac1 e5 22.
Qa5 Qb6 23.Rc2 Bg5 24.Qxb6 axb6 25.a3 Bb7 26.Nd2 f6 27.Nf1 d5 28.cxd5 cxd5
29.exd5 Bxd5 30.Ne3 Bxf3 31.Bg2 Bxg2 32.Kxg2 h3+ 33.Kh1 Rd8 34.Rd1 Bxe3 
35.Rxd8+ Kxd8 36.fxe3 Ke7 37.Kh2 Ke6 38.e4 Kd6 39.Rc3 Rh4 40.Rg3 c4 41.g5 
fxg5 42.Rxg5 Rxe4 43.Kxh3 Re3+ 44.Kg4 Rb3 45.Rg6+ Kd5 46.Rh6 Rxb2 0-1

[Event "2023 Gufeld Cup"]
[Site "North Woodvale, Perth WA"]
[Date "2023.04.09"]
[Round "2"]
[White "Roebuck, Derek"]
[Black "Stortz, Robert"]
[Result "1/2-1/2"]
[WhiteElo "1804"]
[BlackElo "1870"]

1.d4 d5 2.Bf4 c5 3.c3 Nc6 4.e3 cxd4 5.exd4 f6 6.Bd3 e5 7.Qh5+ g6 8.Bxg6+ 
hxg6 9.Qxh8 exf4 10.Qxg8 Bf5 11.Qh7 Qb6 12.b3 Nxd4 13.cxd4 Bb4+ 14.Nd2 
Bxd2+ 15.Kxd2 Qxd4+ 16.Ke2 Qd3+ 17.Ke1 Qc3+ 18.Ke2 1/2-1/2

[Event "2023 Gufeld Cup"]
[Site "North Woodvale, Perth WA"]
[Date "2023.04.09"]
[Round "2"]
[White "Wu, Kobe"]
[Black "Wolstencroft, Alan"]
[Result "1/2-1/2"]
[WhiteElo "1206"]
[BlackElo "1849"]

1.e4 c5 2.Nf3 d6 3.Nc3 Nc6 4.Bb5 Bd7 5.d3 Nf6 6.Bg5 e6 7.O-O Be7 8.Re1 Qc7
9.a3 O-O 10.Qd2 a6 11.Bc4 b5 12.Ba2 Rac8 13.Be3 Rfd8 14.d4 cxd4 15.Nxd4 
Na5 16.Rad1 Nc4 17.Bxc4 Qxc4 18.Qd3 Bf8 19.Nf3 Bc6 20.e5 Qxd3 21.Rxd3 Bxf3
22.exf6 Bb7 23.fxg7 Bxg7 24.Bb6 Rd7 25.Rg3 Kh8 26.Ree3 Rc6 27.Ba5 Rc4 28.
b3 Rc8 29.Rd3 Be5 30.Rge3 Bf4 31.Re2 Rg8 32.g3 Bh6 33.Ne4 Bxe4 34.Rxe4 Bg7
35.Bb4 d5 36.Rf4 Be5 37.Bc3 Bxc3 38.Rxc3 Rg6 39.a4 Kg7 40.axb5 axb5 41.Rc5
d4 42.Rxb5 f6 43.h3 e5 44.Rf3 Rc7 45.b4 Rxc2 46.Rb3 Rg5 47.Rb7+ Kg6 48.b5 
Rf5 49.f3 e4 50.fxe4 Rff2 1/2-1/2

[Event "2023 Gufeld Cup"]
[Site "North Woodvale, Perth WA"]
[Date "2023.04.09"]
[Round "2"]
[White "Andador, Dominador"]
[Black "Sethuraman, Jaswanth Ram"]
[Result "1-0"]
[WhiteElo "1842"]
[BlackElo "783"]

1.e4 e5 2.Nf3 Nc6 3.Bc4 Bc5 4.c3 Nf6 5.d4 exd4 6.cxd4 Bb4+ 7.Nc3 Bxc3+ 8.
bxc3 Nxe4 9.O-O d5 10.Bd3 O-O 11.Qc2 Bf5 12.Bf4 Qd7 13.Nh4 a6 14.f3 Rfe8 
15.Nxf5 Qxf5 16.fxe4 dxe4 17.Bc4 Qa5 18.Rae1 b5 19.Bxf7+ Kh8 20.Bxe8 Rxe8 
21.Rxe4 Rd8 22.d5 Qb6+ 23.Be3 Qb7 24.dxc6 Qxc6 25.Ref4 Qd6 26.Bd4 c5 27.
Qf5 h6 28.Be5 Qb6 29.Qf7 c4+ 30.Bd4 Rxd4 31.cxd4 c3 32.Qe8+ Kh7 33.Qe4+ 
Qg6 34.Qxg6+ Kxg6 35.d5 c2 36.d6 Kg5 37.g3 h5 38.d7 c1=Q 39.d8=Q+ Kg6 40.
Qe8+ Kh7 41.Qxh5+ Kg8 42.Rxc1 g6 43.Qxg6+ Kh8 44.Rh4# 1-0

[Event "2023 Gufeld Cup"]
[Site "North Woodvale, Perth WA"]
[Date "2023.04.09"]
[Round "2"]
[White "Kerr, Lennon"]
[Black "Deng, Eric"]
[Result "1-0"]
[WhiteElo "860"]
[BlackElo "1604"]

1.e4 e6 2.d4 d5 3.exd5 exd5 4.c4 dxc4 5.Bxc4 Nf6 6.Nf3 Bd6 7.O-O O-O 8.Bg5
Bf5 9.Nc3 c6 10.a4 Nbd7 11.Re1 Qb6 12.Bb3 Rfe8 13.Rxe8+ Rxe8 14.a5 Qc7 15.
Rc1 Qxa5 16.Qd2 Qb6 17.Bc4 Ne4 18.Nxe4 Rxe4 19.Bd3 h6 20.Bxe4 Bxe4 21.Be3 
Nf6 22.Ne5 Nd5 23.Qe2 Nxe3 24.fxe3 Qc7 25.Nf3 Qb6 26.Qf2 Qb5 27.Rf1 Bd3 
28.Rd1 Be4 29.Nd2 Bc2 30.Re1 Qh5 31.h3 Bd3 32.e4 Qg5 33.e5 Bb4 34.Re3 Bg6 
35.Nf3 Qf5 36.Rb3 a5 37.Re3 Qb1+ 38.Kh2 Qf5 39.Qg3 Qc2 40.e6 Qxb2 41.e7 
Bxe7 42.Rxe7 1-0

[Event "2023 Gufeld Cup"]
[Site "North Woodvale, Perth WA"]
[Date "2023.04.09"]
[Round "2"]
[White "Moseley, Paul"]
[Black "Ashok, Anish"]
[Result "1-0"]
[WhiteElo "1543"]
[BlackElo "458"]

1.d4 e6 2.Nf3 d5 3.e3 c5 4.b3 Qa5+ 5.Bd2 Qb6 6.Nc3 Nc6 7.Na4 Qc7 8.dxc5 a6
9.b4 b5 10.Nb6 Ra7 11.Bc3 a5 12.a3 axb4 13.axb4 Ba6 14.Be2 Be7 15.Bxg7 Bf6
16.Bxh8 Bxh8 17.Rb1 Bc3+ 18.Nd2 Bxb4 19.Rxb4 Nxb4 20.Nb3 Qe5 21.O-O Bb7 
22.Bxb5+ Ke7 23.Nd4 Nf6 24.Nc6+ Nxc6 25.Bxc6 Bxc6 26.Nc8+ Kd7 27.Nxa7 Qe4 
28.Nxc6 Kxc6 29.Qd4 Qf5 30.Qa4+ Kxc5 31.Qa7+ Kd6 32.Qxf7 Ke5 33.Qc7+ Ke4 
34.Qc5 Ke5 35.f4+ Qxf4 36.Rxf4 Ne4 37.Rxe4+ Kxe4 38.Qd4+ Kf5 39.Qf4+ Kg6 
40.g4 h5 41.gxh5+ Kxh5 42.Qe5+ Kh6 43.Qxe6+ Kh7 44.Qxd5 Kh8 45.c4 Kh7 46.
c5 Kh8 47.c6 Kh7 48.c7 Kh6 49.c8=Q Kg6 50.Qcf5+ Kg7 51.Qdf7+ Kh6 52.Q5g6# 
1-0

[Event "2023 Gufeld Cup"]
[Site "North Woodvale, Perth WA"]
[Date "2023.04.09"]
[Round "2"]
[White "Wang, Lucas"]
[Black "Gruber, Paula"]
[Result "0-1"]
[WhiteElo "671"]
[BlackElo "1076"]

1.e4 e5 2.d4 exd4 3.c3 d5 4.exd5 Qxd5 5.cxd4 Nc6 6.Nf3 Bg4 7.Nc3 Bb4 8.Bd2
Bxc3 9.Bxc3 O-O-O 10.Be2 Re8 11.O-O Nf6 12.b3 h6 13.Bc4 Qf5 14.Bxf7 Bxf3 
15.Qxf3 Qxf3 16.gxf3 Ref8 17.Be6+ Nd7 18.Bxd7+ Kxd7 19.d5 Ne7 20.Kh1 Rhg8 
21.Kg2 Nxd5 22.Bd4 a6 23.Rad1 Kc8 24.Be5 c6 25.Kg3 Re8 26.Rfe1 g5 27.h4 
gxh4+ 28.Kxh4 Ref8 29.Rd3 Ne7 30.Bd6 Nf5+ 31.Kh3 Nxd6 32.Rxd6 Rxf3+ 33.Kh2
Rxf2+ 34.Kh1 h5 35.Rh6 Rxa2 36.Rxh5 Rb2 37.Rh3 b5 38.Re6 Kb7 39.Ree3 Rd8 
40.Re1 a5 41.Rg3 Kb6 42.Ra1 Rd4 43.Kg1 a4 44.bxa4 Rxa4 45.Rxa4 bxa4 46.Kf1
Rb3 47.Rg2 a3 48.Ke1 Rb2 49.Rd2 0-1

[Event "2023 Gufeld Cup"]
[Site "North Woodvale, Perth WA"]
[Date "2023.04.09"]
[Round "3"]
[White "McAteer, Ian"]
[Black "Taylor, Noah"]
[Result "1/2-1/2"]
[WhiteElo "1774"]
[BlackElo "1771"]

1.e4 e5 2.Nc3 Nc6 3.f4 exf4 4.Nf3 d6 5.d4 g5 6.h4 g4 7.Ng1 Bh6 8.Nge2 f3 
9.Nf4 Nf6 10.g3 Qe7 11.Nfd5 Nxd5 12.Bxh6 Nxc3 13.bxc3 Qxe4+ 14.Kf2 Bd7 15.
Bd3 Qd5 16.Re1+ Kd8 17.Bg7 Re8 18.c4 Qh5 19.Qd2 Bf5 20.Rxe8+ Kxe8 21.Re1+ 
Kd7 22.d5 Ne7 23.Bf6 Re8 24.Qb4 Bxd3 25.cxd3 Qf5 26.Qb5+ Kd8 27.Qb2 Qxd3 
28.Re3 Qxc4 29.Qd2 Qc5 30.Kf1 Qb5+ 31.Kf2 Qd7 32.Qb4 Kc8 33.Bxe7 Rxe7 34.
Rxe7 Qxe7 35.Qxg4+ Kd8 36.Qxf3 Ke8 37.Qf5 Kd8 38.h5 h6 39.Kf3 c6 40.dxc6 
bxc6 41.Qa5+ Qc7 42.Qd2 Qd7 43.Qxh6 Qf5+ 44.Kg2 Qe4+ 45.Kh3 Qh1+ 46.Kg4 
Qe4+ 47.Kh3 Qh1+ 1/2-1/2

[Event "2023 Gufeld Cup"]
[Site "North Woodvale, Perth WA"]
[Date "2023.04.09"]
[Round "3"]
[White "Kerr, Carter"]
[Black "Laubbacher, Jamie"]
[Result "0-1"]
[WhiteElo "1257"]
[BlackElo "1904"]

1.e4 c5 2.Nf3 Nc6 3.d4 cxd4 4.Nxd4 e5 5.Nb5 d6 6.Bc4 Nf6 7.N1c3 a6 8.Na3 
b5 9.Bd5 Bb7 10.Ne2 Be7 11.Ng3 Nxd5 12.exd5 Nb4 13.Nf5 Nxd5 14.Nxg7+ Kd7 
15.Qg4+ Kc7 16.Qf5 Bf6 17.Nh5 Rg8 18.Bd2 Qd7 19.Ba5+ Kc8 20.Qf3 Qg4 21.
O-O-O Qxf3 22.gxf3 Be7 23.Rhg1 Kd7 24.Ng3 Nf4 25.Ne4 Ne2+ 0-1

[Event "2023 Gufeld Cup"]
[Site "North Woodvale, Perth WA"]
[Date "2023.04.09"]
[Round "3"]
[White "Barry, David"]
[Black "Ashok, Akash"]
[Result "1-0"]
[WhiteElo "1897"]
[BlackElo "734"]

1.e4 c6 2.d4 d5 3.Nd2 dxe4 4.Nxe4 Nf6 5.Nxf6+ exf6 6.Nf3 Bf5 7.Bf4 Bd6 8.
Bxd6 Qxd6 9.Qd2 Nd7 10.Bc4 Qe7+ 11.Be2 Bg4 12.O-O O-O 13.Rfe1 Qd8 14.Qd3 
c5 15.Ng5 fxg5 16.Bxg4 cxd4 17.Qxd4 Nf6 18.Qxd8 Raxd8 19.Be2 Rfe8 20.Bd3 
g6 21.Kf1 Kf8 22.Rxe8+ Rxe8 23.Re1 Rxe1+ 24.Kxe1 Ke7 25.Ke2 Ke6 26.Bc4+ 
Ke5 27.Bxf7 b6 28.f3 a6 29.Kd3 Nd7 30.b4 Kd6 31.Kd4 Ne5 32.Bd5 b5 33.Bb7 
Nf7 34.Bxa6 Kc6 35.c4 bxc4 36.Bxc4 Nd6 37.a4 Nxc4 38.Kxc4 h5 39.Kd4 h4 40.
h3 1-0

[Event "2023 Gufeld Cup"]
[Site "North Woodvale, Perth WA"]
[Date "2023.04.09"]
[Round "3"]
[White "Huang, Hui"]
[Black "Umasankar, Naveen Ramnat"]
[Result "0-1"]
[WhiteElo "1707"]
[BlackElo "1788"]

1.d4 Nf6 2.Bf4 d6 3.Nc3 Nbd7 4.Nf3 g6 5.Qd2 Bg7 6.O-O-O O-O 7.e4 c5 8.dxc5
Nxc5 9.e5 Nfe4 10.Nxe4 Nxe4 11.Qe3 Bf5 12.Nh4 Qa5 13.Nxf5 gxf5 14.f3 dxe5 
15.fxe4 exf4 16.Qxf4 Qxa2 17.Bd3 fxe4 18.Qxe4 Bh6+ 19.Rd2 Qa1# 0-1

[Event "2023 Gufeld Cup"]
[Site "North Woodvale, Perth WA"]
[Date "2023.04.09"]
[Round "3"]
[White "Harris, Eamon"]
[Black "Gough, Dylan"]
[Result "1-0"]
[WhiteElo "1617"]
[BlackElo "1745"]

1.e4 c6 2.Nc3 d5 3.Nf3 Bg4 4.h3 Bxf3 5.Qxf3 d4 6.Bc4 e6 7.Ne2 Bc5 8.c3 
dxc3 9.bxc3 Qf6 10.Qxf6 Nxf6 11.e5 Nd5 12.d4 Be7 13.Rb1 b6 14.O-O O-O 15.
f4 Nd7 16.f5 c5 17.Bxd5 exd5 18.Nf4 cxd4 19.Nxd5 Bc5 20.Bf4 dxc3+ 21.Kh1 
Rad8 22.Nxc3 Bd4 23.e6 fxe6 24.fxe6 Nc5 25.e7 Bxc3 26.exf8=Q+ Rxf8 27.Bd6 
Rxf1+ 28.Rxf1 Ne6 29.Bb8 a6 30.Rc1 Bd4 31.Rc6 Kf7 32.Ba7 Ke7 33.Rc4 Kd7 
34.a4 Kd6 35.a5 Kd5 36.Rxd4+ Nxd4 37.axb6 a5 38.b7 Nc6 39.b8=Q Nxb8 40.
Bxb8 a4 41.Bf4 Ke4 42.Bc1 Kf5 43.Kg1 h6 44.Kf2 g5 45.Kf3 h5 46.g4+ Kg6 47.
Ke4 h4 48.Ke5 1-0

[Event "2023 Gufeld Cup"]
[Site "North Woodvale, Perth WA"]
[Date "2023.04.09"]
[Round "3"]
[White "Wu, Kobe"]
[Black "Stortz, Robert"]
[Result "1-0"]
[WhiteElo "1206"]
[BlackElo "1870"]

1.e4 c6 2.d4 d5 3.Nc3 dxe4 4.Nxe4 Nf6 5.Nxf6+ exf6 6.Nf3 Be6 7.Bf4 Bd6 8.
Qd2 O-O 9.Bd3 Re8 10.O-O Bxf4 11.Qxf4 Nd7 12.Rfe1 Qb6 13.b3 c5 14.c3 cxd4 
15.cxd4 Bd5 16.Qf5 Nf8 17.Qxd5 Red8 18.Qc4 Rac8 19.Qb5 Qc7 20.Bc4 a6 21.
Qc5 Qd7 22.Qe7 Rc7 23.Bxf7+ Kh8 24.Qxd7 Rcxd7 25.Re8 Rxe8 26.Bxe8 Rc7 27.
d5 Rc8 28.Re1 Rd8 29.Bf7 Rd7 30.Be6 Rd8 31.h3 Ng6 32.Bf7 Nf8 33.Re8 1-0

[Event "2023 Gufeld Cup"]
[Site "North Woodvale, Perth WA"]
[Date "2023.04.09"]
[Round "3"]
[White "Gruber, Paula"]
[Black "Andador, Dominador"]
[Result "0-1"]
[WhiteElo "1076"]
[BlackElo "1842"]

1.e4 c6 2.d4 d5 3.e5 e6 4.Be3 Ne7 5.Nf3 Nf5 6.Bf4 Qb6 7.b3 c5 8.Be3 cxd4 
9.Nxd4 Nxe3 10.fxe3 Nc6 11.Bb5 Bd7 12.O-O Be7 13.Bxc6 bxc6 14.Qf3 O-O 15.
Kh1 c5 16.Ne2 f6 17.Nd2 fxe5 18.Qg3 Bd6 19.e4 Qa6 20.Qg4 Qb5 21.a4 Qb4 22.
c3 Qb7 23.Ng3 Be7 24.c4 Kh8 25.Nf3 Rf4 26.Qh5 Raf8 27.Nxe5 Be8 28.Qh3 
Rxf1+ 29.Nxf1 Bf6 30.Qxe6 Qc7 31.exd5 Qxe5 32.Qxe5 Bxe5 33.Re1 Bc3 34.Rd1 
Bh5 35.Rc1 Bb2 36.Rb1 Bg6 37.Re1 Bc3 38.Rd1 Bc2 39.Rc1 Bxb3 40.g3 Bd4 41.
d6 Bxa4 42.Nd2 Bc6+ 0-1

[Event "2023 Gufeld Cup"]
[Site "North Woodvale, Perth WA"]
[Date "2023.04.09"]
[Round "3"]
[White "Kerr, Lennon"]
[Black "Simonds, Marcus"]
[Result "0-1"]
[WhiteElo "860"]
[BlackElo "1771"]

1.e4 e6 2.d4 d5 3.exd5 exd5 4.c4 c6 5.Nf3 Bd6 6.Bd3 Bg4 7.O-O Ne7 8.Re1 h6
9.Nc3 O-O 10.h3 Be6 11.c5 Bc7 12.Be3 Nf5 13.Bd2 Nd7 14.b4 Re8 15.Qc2 Qf6 
16.Bxf5 Bxf5 17.Qb2 Bxh3 18.a4 Qg6 19.Nh4 Qg4 0-1

[Event "2023 Gufeld Cup"]
[Site "North Woodvale, Perth WA"]
[Date "2023.04.09"]
[Round "3"]
[White "Deng, Eric"]
[Black "Wang, Lucas"]
[Result "1-0"]
[WhiteElo "1604"]
[BlackElo "671"]

1.e4 c5 2.Nf3 d6 3.d4 cxd4 4.Nxd4 Nf6 5.Nc3 a6 6.Be3 e5 7.Nb3 Be6 8.f3 
Nbd7 9.Be2 Be7 10.O-O b5 11.Qd2 O-O 12.Rfd1 Nb6 13.Rac1 Nc4 14.Bxc4 bxc4 
15.Na1 Rb8 16.b3 Re8 17.Nd5 Rc8 18.Bb6 Qd7 19.Qa5 Qb5 20.Qxb5 axb5 21.Nc7 
Rf8 22.Nxe6 fxe6 23.a4 bxa4 24.bxa4 Ra8 25.a5 Bd8 26.Rxd6 Bxb6+ 27.axb6 
Kf7 28.c3 Rfd8 29.Rc6 Rac8 30.Rxc8 Rxc8 31.Nc2 Nd7 32.Rb1 Rb8 33.b7 Nc5 
34.Ne3 Rxb7 35.Rxb7+ Nxb7 36.Nxc4 Nc5 37.Nxe5+ Kf6 38.Ng4+ Kg5 39.Kf2 h5 
40.Ne3 Kf4 41.g3+ Ke5 42.Nc4+ Kf6 43.Ke3 e5 44.Nb6 g5 45.h3 Ke6 46.Nd5 Na4
47.c4 Nb2 48.c5 Na4 49.c6 Kd6 50.c7 Kd7 51.Nf6+ Kxc7 52.Nxh5 Kd6 53.Nf6 
Ke6 54.Nh7 Kf7 55.Nxg5+ Kg6 56.Ne6 Nb6 57.Kd3 Kf6 58.Nc7 Nd7 59.Kc4 Nb6+ 
60.Kb5 Nd7 61.Kc6 Nf8 62.Kd5 Nd7 63.Kd6 Nf8 64.Nd5+ 1-0

[Event "2023 Gufeld Cup"]
[Site "North Woodvale, Perth WA"]
[Date "2023.04.10"]
[Round "4"]
[White "Laubbacher, Jamie"]
[Black "Harris, Eamon"]
[Result "1-0"]
[WhiteElo "1904"]
[BlackElo "1617"]
[EventDate "2023.04.10"]

1.e4 c6 2.d4 d5 3.Nd2 dxe4 4.Nxe4 Nf6 5.Nxf6+ exf6 6.c3 Bd6 7.Bd3 O-O 8.
Qc2 Re8+ 9.Ne2 h5 10.Be3 Be6 11.c4 Nd7 12.O-O Qc7 13.h3 Nf8 14.c5 Be7 15.
Ng3 h4 16.Nf5 Bxf5 17.Bxf5 Ne6 18.Bxe6 fxe6 19.Qe4 Kf7 20.Qxh4 Rh8 21.Qg4 
f5 22.Qg3 Qd7 23.Bf4 Rag8 24.Be5 Rh6 25.Qb3 g5 26.Rad1 g4 27.Rd3 Bf6 28.
Bxf6 Kxf6 29.Re1 Rhg6 30.h4 Rh6 31.g3 f4 32.Re4 f3 33.Rd2 Rh5 34.Qe3 Rd5 
35.Rxg4 Rxg4 36.Qxf3+ Rf5 37.Qxg4 e5 38.dxe5+ 1-0